Non-destructive Testing and Repair of Pipelines /

This book describes efficient and safe repair operations for pipelines, and develops new methods for the detection and repair of volumetric surface defects in transmission pipelines. It also addresses thephysics, mechanics, and applications of advanced materials used for composite repair of corroded...

Full description

Bibliographic Details
Corporate Author: SpringerLink (Online service)
Other Authors: Barkanov, Evgeny N. (Editor), Dumitrescu, Andrei (Editor), Parinov, Ivan A. (Editor)
Format: eBook
Language:English
Published: Cham : Springer International Publishing : Imprint: Springer, 2018.
Series:Engineering materials.
Subjects:
Online Access:Connect to the full text of this electronic book

MARC

Tag First Indicator Second Indicator Subfields
LEADER 00000cam a22000005i 4500
001 in00004049613
006 m o d
007 cr nn 008mamaa
008 170727s2018 gw | o |||| 0|eng d
005 20240730210443.9
020 |a 9783319565798 
024 7 |a 10.1007/978-3-319-56579-8  |2 doi 
035 |a (DE-He213)978-3-319-56579-8 
040 |d UtOrBLW 
050 4 |a TA213-215 
072 7 |a TGBN  |2 bicssc 
072 7 |a TEC046000  |2 bisacsh 
072 7 |a TGBN  |2 thema 
082 0 4 |a 621.8  |2 23 
245 0 0 |a Non-destructive Testing and Repair of Pipelines /  |c edited by Evgeny N. Barkanov, Andrei Dumitrescu, Ivan A. Parinov. 
264 1 |a Cham :  |b Springer International Publishing :  |b Imprint: Springer,  |c 2018. 
300 |a 1 online resource (XVII, 451 pages 280 illustrations, 100 illustrations in color) :  |b online resource. 
336 |a text  |b txt  |2 rdacontent 
337 |a computer  |b c  |2 rdamedia 
338 |a online resource  |b cr  |2 rdacarrier 
347 |a text file  |b PDF  |2 rda 
490 1 |a Engineering Materials,  |x 1612-1317 
505 0 |a Introduction -- Non-Destructive Testing of Transmission Pipelines -- Volumetric Surface Defects in Transmission Pipelines -- Materials Used for the Composite Repair Systems of Transmission Pipelines -- Technologies Used for the Composite Repair Systems of Transmission Pipelines -- Simulation of Advanced Composite Repair Systems of Transmission Pipelines -- Testing of Advanced Composite Repair Systems of Transmission Pipelines -- Conclusions. 
520 |a This book describes efficient and safe repair operations for pipelines, and develops new methods for the detection and repair of volumetric surface defects in transmission pipelines. It also addresses thephysics, mechanics, and applications of advanced materials used for composite repair of corroded pipelines. Presenting results obtained in the European Commission's INNOPIPES FRAMEWORK 7 programme, it developslong-range ultrasonic and phased array technologies for pipeline diagnostics, and explores their interactions with discontinuities and directional properties of ultrasonic antenna array. The book subsequently shares the results of non-destructive testing for different types of materials applications and advanced composite repair systems, and characterizes the mechanical properties by means of fracture methods and non-destructive techniques. In turn, the book assesses the currently available technologies for reinforcement of pipelines, drawing on the expe rience gained by project partners, and evaluates the recovery of the carrying capacity of pipeline sections with local corrosion damage by means of analytical and numerical procedures. It develops an optimization method based on the planning of experiments and surface techniques for advanced composite repair systems, before validating the numerical models developed and experimentally gauging the effectiveness of composite repair with the help of full-scale hydraulic tests. 
500 |a Electronic resource. 
650 0 |a Engineering.  |0 http://id.loc.gov/authorities/subjects/sh85043176 
650 0 |a Manufactures.  |0 http://id.loc.gov/authorities/subjects/sh85080659 
650 0 |a Materials.  |0 http://id.loc.gov/authorities/subjects/sh85082065 
650 0 |a Hydraulic engineering.  |0 http://id.loc.gov/authorities/subjects/sh85063305 
650 0 |a Building construction. 
650 1 4 |a Machinery and Machine Elements.  |0 http://scigraph.springernature.com/things/product-market-codes/T17039 
650 2 4 |a Manufacturing, Machines, Tools, Processes.  |0 http://scigraph.springernature.com/things/product-market-codes/T22050 
650 2 4 |a Metallic Materials.  |0 http://scigraph.springernature.com/things/product-market-codes/Z16000 
650 2 4 |a Engineering Thermodynamics, Heat and Mass Transfer.  |0 http://scigraph.springernature.com/things/product-market-codes/T14000 
650 2 4 |a Engineering Fluid Dynamics.  |0 http://scigraph.springernature.com/things/product-market-codes/T15044 
650 2 4 |a Building Materials.  |0 http://scigraph.springernature.com/things/product-market-codes/T23047 
655 7 |a Electronic books.  |2 local 
700 1 |a Barkanov, Evgeny N.,  |e editor.  |4 http://id.loc.gov/vocabulary/relators/edt 
700 1 |a Dumitrescu, Andrei,  |e editor.  |4 http://id.loc.gov/vocabulary/relators/edt 
700 1 |a Parinov, Ivan A.,  |e editor.  |4 http://id.loc.gov/vocabulary/relators/edt 
710 2 |a SpringerLink (Online service)  |0 http://id.loc.gov/authorities/names/no2005046756 
773 0 |t Springer eBooks 
776 0 8 |i Printed edition:  |z 9783319565781 
776 0 8 |i Printed edition:  |z 9783319565804 
776 0 8 |i Printed edition:  |z 9783319859484 
830 0 |a Engineering materials.  |x 1612-1317  |0 http://id.loc.gov/authorities/names/n99256558 
856 4 0 |u http://proxy.library.tamu.edu/login?url=https://doi.org/10.1007/978-3-319-56579-8  |z Connect to the full text of this electronic book  |t 0 
955 |a Springer EBA Purchase 
999 f f |s d24f6483-c40a-47df-8890-bc4b38eb7a8a  |i 84f06840-ddc9-3e71-a971-e72602c04288  |t 0 
952 f f |a Texas A&M University  |b College Station  |c Electronic Resources  |d Available Online  |t 0  |e TA213-215   |h Library of Congress classification 
998 f f |a TA213-215   |t 0  |l Available Online